Представление документа в формате MARC21

Поле Инд. ПП Название Значение
Тип записи a
Библиографический уровень m
001 Контрольный номер RU/IS/BASE/383916269
005 Дата корректировки 20220706164052.2
040 b Код языка каталог. rus
041 0_ a Код языка текста rus
080 a Индекс УДК 004.42
084 a Индекс другой классификации/Индекс ББК 32.973.26
090 a Полочн. индекс 681.3
x Авторский знак П90
097 b Оператор 11
100 1_ a Автор Пухлинский Б. С.
245 10 a Заглавие Стандартная составляющая программы ССП-2А и её использование
c Ответственность Московский государственный университет им. М. В. Ломоносова
260 a Место издания М.
b Издательство [б. и.]
c Дата издания 1968
300 a Объем 78 с.
510 0_ a Примечание о ссылках Книги и методические пособия
650 04 a Основная рубрика 50.41 Программное обеспечение вычислительных машин, комплексов и сетей
x Основная подрубрика 50.41.25 Прикладное программное обеспечение
653 0_ a Ключевые слова цифровые вычислительные машины; программы (выч. техника); прикладные программы
700 1_ a Другие авторы Трифонов Н. П.
901 t Тип документа m